01716nam a2200421 a 4500001001200000003000800012006001900020007001500039008004100054010001700095020001500112020001500127020001800142020002700160040002100187035002100208050002300229082001600252111006600268245005000334260007600384300002500460490004900485500012000534500004500654504005300699533015200752650003800904650003400942650002800976650003301004655002901037700002201066710001701088830004601105856012601151999001701277ebr10575648CaPaEBRm u cr cn|||||||||761122s1977 ne ad sb 111 0 eng d z 76030326  z0444152466 z9021940523 z9780470663387 z9780470717967 (e-book) aCaPaEBRcCaPaEBR a(OCoLC)62831215614aRC582b.S95 1976eb04a616.3/4/0792 aSymposium on Immunology of the Gutd(1976 :cLondon, England)10aImmunology of the guth[electronic resource]. aAmsterdam ;aNew York :bElsevier/Excerpta Medica/North-Holland,c1977. aviii, 376 p. :bill.1 aCiba Foundation symposium (new series) ;v46 a"Symposium on Immunology of the Gut, held at the Ciba Foundation, London, 26th-28th April 1976"--Participants page. a"In memory of the late Joseph Heremans." aIncludes bibliographical references and indexes. aElectronic reproduction.bPalo Alto, Calif. :cebrary,d2011.nAvailable via World Wide Web.nAccess may be limited to ebrary affiliated libraries. 0aImmunologic diseasesvCongresses. 0aImmunoglobulin AvCongresses. 0aIntestinesvCongresses. 0aImmune responsevCongresses. 7aElectronic books.2local1 aHeremans, Joseph.2 aebrary, Inc. 0aCiba Foundation symposium ;vnew ser. 46.40uhttp://site.ebrary.com/lib/rucke/Doc?id=10575648zAn electronic book accessible through the World Wide Web; click to view c78260d78260